| 000 | 00746cam a2200205 a 4500 | ||
|---|---|---|---|
| 001 | 000005612 | ||
| 005 | 20200929151725.0 | ||
| 008 | 751204s1946 sp b 000 1 spa | ||
| 040 |
_aDO-SdBNP _bspa _cBNPHU |
||
| 082 |
_a863.3 _bV648h |
||
| 245 | 0 | 3 |
_aLa vida y hechos de Estebanillo González : _bhombre de buen humor compuesta por él mismo / _cEdición y notas de Juan Millé y Giménez. |
| 260 |
_aMadrid, España : _bEspasa-Calpe, _c1946. |
||
| 300 |
_a2 v. ; _c20 cm. |
||
| 490 | 1 |
_aClásicos castellanos ; _v108/109 |
|
| 650 | 4 |
_aNovela española _91123 |
|
| 650 | 4 |
_aLiteratura española _9632 |
|
| 650 | 4 |
_aLiteratura picaresca _91124 |
|
| 700 | 1 |
_aMillé y Giménez, Juan, _eed. _915848 |
|
| 830 | 0 |
_aClásicos Castellanos ; _n108/ 109 _915849 |
|
| 999 |
_c5411 _d5411 |
||